Guide to japanese taxes 1974 - 1975
Salvato in:
| Autore principale: | |
|---|---|
| Natura: | Libro |
| Lingua: | Undetermined |
| Pubblicazione: |
Tokyo
Zaikei Shoho Sha
1974
|
| Soggetti: | |
| Tags: |
Aggiungi Tag
Nessun Tag, puoi essere il primo ad aggiungerne! !
|
| Thư viện lưu trữ: | Trung tâm Học liệu Trường Đại học Cần Thơ |
|---|
| LEADER | 00583nam a2200205Ia 4500 | ||
|---|---|---|---|
| 001 | CTU_97740 | ||
| 008 | 210402s9999 xx 000 0 und d | ||
| 082 | |a 342.53 | ||
| 082 | |b H412 | ||
| 100 | |a Hayashi, Taizo | ||
| 245 | 0 | |a Guide to japanese taxes 1974 - 1975 | |
| 245 | 0 | |c Taizo Hayashi | |
| 260 | |a Tokyo | ||
| 260 | |b Zaikei Shoho Sha | ||
| 260 | |c 1974 | ||
| 650 | |a Income tax,Taxation | ||
| 650 | |x Periodicals,Law and legislation,Law and legislation,Periodicals | ||
| 650 | |z Japan,Japan | ||
| 904 | |i Giang | ||
| 980 | |a Trung tâm Học liệu Trường Đại học Cần Thơ | ||